书目信息 |
| 题名: |
网页DIV+CSS布局和动画美化全程实例
|
|
| 作者: | 陈益材 , 何楚斌 编著 | |
| 分册: | ||
| 出版信息: | 北京 清华大学出版社 2012 |
|
| 页数: | 363页 | |
| 开本: | 26cm | |
| 丛书名: | ||
| 单 册: | ||
| 中图分类: | TP393.092.2 | |
| 科图分类: | ||
| 主题词: | 网页制作工具 | |
| 电子资源: | ||
| ISBN: | 978-7-302-29616-4 | |
| 000 | 01079nam0 2200253 450 | |
| 001 | 140269 | |
| 005 | 20141019150513.80 | |
| 010 | @a978-7-302-29616-4@b光盘@dRMB 49.80 | |
| 100 | @a20121022d2012 em y0chiy50 ea | |
| 101 | 0 | @achi |
| 102 | @aCN@b110000 | |
| 105 | @ay z 000yy | |
| 200 | 1 | @a网页DIV+CSS布局和动画美化全程实例@Awang ye DIV+CSS bu ju he dong hua mei hua quan cheng shi li@b专著@f陈益材,何楚斌编著 |
| 210 | @a北京@c清华大学出版社@d2012 | |
| 215 | @a363页@d26cm@e1光盘 | |
| 307 | @a附光盘:ISBN 978-7-89414-047-0 | |
| 330 | @a本书共10章,第1章详细介绍了现阶段网页动画技术,同时引出了Web网页设计标准的基础知识;第2章介绍了DIV+CSS布局网页标准的方法,详细地说明了DIV各元素的属性设置;第3-10章精心挑选了8个设计精美、不同风格的设计实例,按照网页的布局设计与网页动感美化的步骤,详细地介绍了各类网页设计风格和动画实现的方法。 | |
| 606 | 0 | @a网页制作工具 |
| 610 | 0 | @aCSS |
| 690 | @aTP393.092.2@v5 | |
| 701 | 0 | @a陈益材@Achen yi cai@c(计算机)@4编著 |
| 701 | 0 | @a何楚斌@Ahe chu bin@4编著 |
| 801 | 0 | @aCN@b110017@c20140927 |
| 905 | @a241430@dTP393.092.2@eC620 | |
| 网页DIV+CSS布局和动画美化全程实例/陈益材,何楚斌编著.-北京:清华大学出版社,2012 |
| 363页;26cm+1光盘 |
| ISBN 978-7-302-29616-4(光盘):RMB 49.80 |
| 本书共10章,第1章详细介绍了现阶段网页动画技术,同时引出了Web网页设计标准的基础知识;第2章介绍了DIV+CSS布局网页标准的方法,详细地说明了DIV各元素的属性设置;第3-10章精心挑选了8个设计精美、不同风格的设计实例,按照网页的布局设计与网页动感美化的步骤,详细地介绍了各类网页设计风格和动画实现的方法。 |
| ● |
| 相关链接 |
|
|
|
正题名:网页DIV+CSS布局和动画美化全程实例
索取号:TP393.092.2/C620
 
预约/预借
| 序号 | 登录号 | 条形码 | 馆藏地/架位号 | 状态 | 备注 |
| 1 | 0834189 | 208341891 | 自科库301/301自科库 131排1列4层/ [索取号:TP393.092.2/C620] | 在馆 | |
| 2 | 0834190 | 208341908 | 自科库301/301自科库 131排1列4层/ [索取号:TP393.092.2/C620] | 在馆 | |
| 3 | 0834191 | 208341917 | 自科二线400A/400A自科库 1排1列6层/ [索取号:TP393.092.2/C620] | 在馆 |